[Event "Oberfranken-ch U14"]
[Site "Schney"]
[Date "2017.01.06"]
[Round "7.6"]
[White "Stark, Patrick"]
[Black "Taxis, Matteo"]
[Result "0-1"]
[WhiteElo "776"]
[BlackElo "1003"]
[PlyCount "46"]
[EventDate "2017.01.03"]
[EventType "swiss"]
[EventRounds "7"]
[EventCountry "GER"]
[SourceTitle "EXT 2024"]
[Source "ChessBase"]
[SourceDate "2023.10.10"]
[SourceVersion "1"]
[SourceVersionDate "2023.10.10"]
[SourceQuality "1"]

1. d4 d5 2. Nc3 e6 3. Nf3 Nc6 4. Bf4 Bd6 5. Bxd6 cxd6 6. e3 e5 7. Bb5 Nge7 8. dxe5 0-0 9. Bxc6 Nxc6 10. Qxd5 dxe5 11. Qxd8 Rxd8 12. e4 Bg4 13. Nh4 Nd4 14. 0-0 Nxc2 15. f3 Nxa1 16. Rxa1 g5 17. fxg4 gxh4 18. Nd5 Kg7 19. Nc7 Rac8 20. Nd5 Rc4 21. Rd1 Rxe4 22. Ne3 Rxd1+ 23. Nxd1 Re1+ 0-1

[Event "Oberfranken-ch U14"]
[Site "Schney"]
[Date "2017.01.05"]
[Round "5.7"]
[White "Renner, Timon"]
[Black "Taxis, Matteo"]
[Result "0-1"]
[WhiteElo "784"]
[BlackElo "1003"]
[PlyCount "108"]
[EventDate "2017.01.03"]
[EventType "swiss"]
[EventRounds "7"]
[EventCountry "GER"]
[SourceTitle "EXT 2024"]
[Source "ChessBase"]
[SourceDate "2023.10.10"]
[SourceVersion "1"]
[SourceVersionDate "2023.10.10"]
[SourceQuality "1"]

1. e4 e5 2. Nf3 Nc6 3. d4 d6 4. dxe5 dxe5 5. Qxd8+ Nxd8 6. Bc4 Be6 7. Bxe6 Nxe6 8. Nxe5 Nh6 9. Bxh6 gxh6 10. Nc3 Bg7 11. Nd3 Nd4 12. Kd2 0-0-0 13. Rab1 Ne6 14. g3 Nc5 15. b4 Bxc3+ 16. Kxc3 Nxe4+ 17. Kb2 Nd6 18. Ne5 Rhe8 19. Ng4 Nc4+ 20. Ka1 Na3 21. Rb2 Rd2 22. Nxh6 Nxc2+ 23. Rxc2 Rxc2 24. f4 Ree2 25. Nxf7 Rxa2+ 26. Kb1 Reb2+ 27. Kc1 Rxb4 28. Rd1 Ra1+ 29. Kc2 Rc4+ 30. Kb3 Rxd1 31. Kxc4 Rh1 32. Kd5 Rxh2 33. Ng5 Rh5 34. Ke4 h6 35. Nf7 Kd7 36. Ne5+ Ke6 37. g4 Rh1 38. f5+ Kf6 39. Nd7+ Ke7 40. Nc5 b5 41. Ke5 c6 42. f6+ Kf7 43. Kd6 Kxf6 44. Kxc6 Rb1 45. Nd7+ Kg5 46. Ne5 Kf4 47. Nf7 b4 48. Nxh6 Kg5 49. Nf5 Rc1+ 50. Kb5 b3 51. Nd4 b2 52. Nb3 Rd1 53. Nc5 b1Q+ 54. Kc6 Qb6# 0-1

[Event "Oberfranken-ch U14"]
[Site "Schney"]
[Date "2017.01.04"]
[Round "3.7"]
[White "Taxis, Matteo"]
[Black "Wagner, Elias"]
[Result "0-1"]
[WhiteElo "1003"]
[BlackElo "1015"]
[PlyCount "134"]
[EventDate "2017.01.03"]
[EventType "swiss"]
[EventRounds "7"]
[EventCountry "GER"]
[SourceTitle "EXT 2024"]
[Source "ChessBase"]
[SourceDate "2023.10.10"]
[SourceVersion "1"]
[SourceVersionDate "2023.10.10"]
[SourceQuality "1"]

1. e4 e5 2. Nf3 Nc6 3. Bc4 Nf6 4. d3 Bc5 5. 0-0 0-0 6. Nbd2 d6 7. Nb3 Nd4 8. Nfxd4 exd4 9. Nxc5 dxc5 10. Bd2 Be6 11. Bxe6 fxe6 12. Bg5 Qe8 13. Qd2 Qh5 14. f3 h6 15. Bf4 Nd7 16. Bxc7 Ne5 17. Qe2 Rac8 18. Bd6 Rfd8 19. Bxe5 Qxe5 20. f4 Qc7 21. Rf2 Qb6 22. b3 Qd6 23. Raf1 Rf8 24. Qh5 Rc7 25. f5 Rcf7 26. Qg6 Rf6 27. Qg3 Qxg3 28. hxg3 Kf7 29. fxe6+ Kxe6 30. Rxf6+ Rxf6 31. Rf4 a5 32. a4 Ke5 33. Rg4 g5 34. Kh2 Rf2 35. Kg1 Rxc2 36. Kf1 Rc3 37. Ke1 Rc2 38. Kf1 Rd2 39. Ke1 Rxd3 40. Ke2 Rxb3 41. Kd2 Rb2+ 42. Kd3 Rxg2 43. Kc4 b6 44. Kd3 Ra2 45. Kc4 Rxa4+ 46. Kb3 d3 47. Kc3 Rb4 48. Kxd3 a4 49. Ke3 a3 50. Rf4 gxf4+ 51. gxf4+ Kf6 52. e5+ Kf5 53. e6 Re4+ 54. Kd3 Rxe6 55. Kc2 b5 56. Kb3 Kxf4 57. Kxa3 h5 58. Kb3 h4 59. Kc3 h3 60. Kd2 h2 61. Kd3 Rd6+ 62. Kc3 Ke3 63. Kc2 Rd3 64. Kb2 b4 65. Kc2 c4 66. Kb2 Rd2+ 67. Kc1 h1Q# 0-1